| 000 | 01562cam a22003734a 4500 | ||
|---|---|---|---|
| 001 | 13995381 | ||
| 005 | 20060929122122.0 | ||
| 008 | 050608s2006 nyua b 001 0 eng | ||
| 010 | _a 2005050508 | ||
| 016 | 7 |
_a101250033 _2DNLM |
|
| 020 | _a0071458263 (pbk.) | ||
| 020 | _a9780071458269 | ||
| 035 | _a(OCoLC)ocm60671906 | ||
| 040 |
_aDNLM/DLC _cDLC _dNLM _dOCLCQ _dBAKER _dC#P _dDLC |
||
| 042 | _apcc | ||
| 043 | _an-us--- | ||
| 050 | 0 | 0 |
_aRT82 _b.K43 2006 |
| 060 | 1 | 0 |
_aWY 16 _bJ64n 2006 |
| 082 | 0 | 0 |
_a610.73 _222 _bJOE |
| 100 | 1 |
_aJoel, Lucille A. _927263 |
|
| 245 | 1 | 4 |
_aThe Nursing Experience : _bTrends, Challenges, and Transitions / _cLucille A. Joel. |
| 250 | _a5th ed. | ||
| 260 |
_aNew York : _bMcGraw-Hill, Medical Pub. Division, 2006 _cc2006. |
||
| 300 |
_axix, 763 p. : _bill. ; _c24 cm. |
||
| 504 | _aIncludes bibliographical references (p. 625-646) and index. | ||
| 650 | 0 |
_aNursing _zUnited States. _927264 |
|
| 650 | 1 | 2 |
_aNursing. _927265 |
| 653 |
_bNUR _cSeptember2011 |
||
| 856 | 4 | 2 |
_3Contributor biographical information _uhttp://www.loc.gov/catdir/enhancements/fy0668/2005050508-b.html |
| 856 | 4 | 2 |
_3Publisher description _uhttp://www.loc.gov/catdir/enhancements/fy0668/2005050508-d.html |
| 942 |
_2ddc _cNRB |
||
| 999 |
_c16056 _d16056 |
||